Classifica Marcatori Mondiali di Calcio 2010 - Statistics

Statistiche generali
  • Questo quiz è stato fatto 87 volte
  • Il punteggio medio è 6 su 11
Statistiche sulle risposte
Gol Nazione Calciatore % Corretto
5 Uruguay Diego Forlán
88%
4 Germania Miroslav Klose
87%
3 Uruguay Luis Suárez
86%
5 Germania Thomas Müller
82%
5 Spagna David Villa
80%
4 Argentina Gonzalo Higuaín
47%
5 Paesi Bassi Wesley Sneijder
43%
3 Stati Uniti London Donavan
41%
3 Ghana Asamoah Gyan
34%
4 Slovacchia Róbert Vittek
18%
3 Brasile Luís Fabiano
17%
Nessun quiz corrispondente trovato
Distribuzione punteggi
Percentuale di utenti per punteggio
Percentile per numero di risposta
I tuoi punteggi nel tempo
Non hai fatto questo quiz